النظرية العامة للإثبات الجنائي : (Record no. 23610)
[ view plain ]
| 000 -الفاتح | |
|---|---|
| حقل البيانات ثابتة الطول | 01009nam a22002295a 4500 |
| 003 - محدد رقم الضبط | |
| رقم الضبط | OSt |
| 005 - وقت وتاريخ اخر تعامل مع التسجيلة | |
| رقم الضبط | 20161218114238.0 |
| 008 - عناصر البيانات ثابتة الطول - معلومات عامة | |
| حقل البيانات ثابتة الطول | 161218s2011 ua frb 000 0 ara d |
| 040 ## - مصدر الفهرسة | |
| وكالة الفهرسة الأصلية | EG-ScBUE |
| لغة الفهرسة | ara |
| وكالة النسخ | EG-ScBUE |
| 082 04 - رقم تصنيف ديوى العشرى | |
| رقم التصنيف | 347.06 |
| رقم المادة | أ ح م |
| رقم الطبعة | 22 |
| 100 1# - المدخل الرئيسى - إسم شخصى | |
| الإسم الشخصى | أحمد، هلالي عبد اللاه. |
| 245 12 - بيان العنوان | |
| العنوان | النظرية العامة للإثبات الجنائي : |
| بقية العنوان | دراسة مقارنة بين النظم الإجرائية اللاتينية والأنجلوسكسونية والشريعة الإسلامية / |
| بيان المسئوليه,etc | تأليف هلالي عبد اللاه أحمد. |
| 260 ## - PUBLICATION, DISTRIBUTION, ETC. (IMPRINT) | |
| مكان الناشر او الموزع | القاهرة : |
| اسم الناشر او الموزع | دار النهضة العربية، |
| تاريخ النشر أو التوزيع | 2011. |
| 300 ## - الوصف المادى | |
| التعداد | 2 مج. (1438 ص.) ؛ |
| أبعاد الوعاء | 24 سم. |
| 504 ## - تبصرة ببليوجرافية | |
| تبصرة ببليوجرافية,الخ | يشتمل على إرجاعات ببليوجرافية. |
| 650 #7 - المدخل الاضافى بالموضوع-مصطلح موضوعى | |
| مصطلح موضوعي أو اسم جغرافي كعنصر مدخل | الإثبات (قانون) |
| مصدر الرأس أو المصطلح | BUEsh |
| 650 #7 - المدخل الاضافى بالموضوع-مصطلح موضوعى | |
| مصطلح موضوعي أو اسم جغرافي كعنصر مدخل | الإثبات (فقه إسلامي) |
| مصدر الرأس أو المصطلح | BUEsh |
| 650 #7 - المدخل الاضافى بالموضوع-مصطلح موضوعى | |
| مصطلح موضوعي أو اسم جغرافي كعنصر مدخل | القانون الجنائي. |
| مصدر الرأس أو المصطلح | BUEsh |
| 651 ## - المدخل الاضافى بالموضوع - اسم جغرافى | |
| مصدر الرأس أو المصطلح | BUEsh |
| 653 ## - مصطلح تكشيفى غير مقيد | |
| Resource For college | Law |
| Arrived date list | December2016 |
| 942 ## - عناصر المدخل الإضافي( كوها) | |
| مصدر التصنيف او مخطط الترفيف | Dewey Decimal Classification |
| حالة التراجع | حالة الفقد | مصدر التصنيف او خطة الترفيف | حالة تلف | ليس للاعارة | مجموعات كوها | المكان الدائم | المكان الحالي | موقع الترفيف | تاريخ الاكتساب | Source of acquisition | سعر الشراء الطبيعي | تعداد مسلسل / التسلسل الزمني | رقم الاستدعاء | الباركود | Date last seen | التكلفة | تبصرة غير عامة( المفوع للعناصر المفقوده) | نوع الوعاء | تبصرة عامة |
|---|---|---|---|---|---|---|---|---|---|---|---|---|---|---|---|---|---|---|---|
| Dewey Decimal Classification | دار النهضة العربية | Central Library | Central Library | First floor | 18/12/2016 | Purchase | 210.00 | 2815 | 347.06 أ ح م | 000040482 | 15/07/2025 | 262.50 | السعر يشمل المجلدين | Book - Borrowing | مج. 1 | ||||
| Dewey Decimal Classification | دار النهضة العربية | Central Library | Central Library | First floor | 18/12/2016 | Purchase | 210.00 | 2815 | 347.06 أ ح م | 000040483 | 15/07/2025 | 262.50 | السعر يشمل المجلدين | Book - Borrowing | مج. 2 | ||||
| Dewey Decimal Classification | دار النهضة العربية | Central Library | Central Library | First floor | 26/02/2017 | Purchase | 210.00 | 2815 | 347.06 أ ح م | 000041224 | 15/07/2025 | 262.50 | السعر يشمل المجلدين | Book - Borrowing | مج. 1 | ||||
| Dewey Decimal Classification | دار النهضة العربية | Central Library | Central Library | First floor | 26/02/2017 | Purchase | 210.00 | 2815 | 347.06 أ ح م | 000041225 | 15/07/2025 | 262.50 | السعر يشمل المجلدين | Book - Borrowing | مج. 2 |